Normal view
MARC view
Entry Topical Term
001 - CONTROL NUMBER
- control field: 8486
003 - CONTROL NUMBER IDENTIFIER
- control field: BD-RjUL
005 - DATE AND TIME OF LATEST TRANSACTION
- control field: 20230823105034.0
008 - FIXED-LENGTH DATA ELEMENTS
- fixed length control field: 230823|| aca||aabn | a|a d
040 ## - CATALOGING SOURCE
- Original cataloging agency: BD-RjUL
- Transcribing agency: BD-RjUL
150 ## - HEADING--TOPICAL TERM
- Topical term or geographic name entry element: বাংলা নাটক
- Form subdivision: ইতিহাস ও সমালোচনা
670 ## - SOURCE DATA FOUND
- Source citation: Work cat.: (BD-RjUL)81746: ভট্টাচার্য, বিজন 8485, রচনাসংগ্রহ /, ২০০৮, [পুনর্মুদ্রণ ২০১৬]